5 Letter Word Chain - Food - Statistics

General Stats
  • This quiz has been taken 343 times
  • The average score is 17 of 22
Answer Stats
Hint Answer % Correct
Japanese dish including seaweed and rice Sushi
95%
Commolnly known as calamari Squid
92%
Tortilla chip topped with savoury toppings Nacho
91%
used as a fermenting agent to raise Yeast
91%
Citrus fruit with thick skin Lemon
87%
Sliced bread, browned on purpose Toast
86%
A herb Often used in soup or on Roasted Meat and veg Thyme
85%
String, Kidney or Chick Beans
83%
a sauce, often made from the juices of meats Gravy
83%
A mixture of sugar and water, used as a coating Icing
83%
Cut of beef, cooked to how preferred Steak
81%
Pieces of meat, fish, or vegetables roasted or grilled on a skewer Kebab
80%
Dense bread roll in the shape of a ring, often toasted Bagel
79%
Fruit off a palm tree, wrinkly and sweet Dates
79%
Commonly eaten on a Sunday, Meat and veg Roast
75%
Meat prepared as prescribed by Muslim law. Halal
74%
An individual cake of choux pastry filled with cream Eclair
73%
Nut off an Oak, often grounded into flour Acorn
68%
One of the most nutritionally dense foods on the planet - Used in Pate Liver
64%
Salad dressing usually made from salt, garlic, onion, mustard Ranch
59%
American Candies, neon colored with an irregular pebble shape Nerds
53%
French cake made with layers of almond sponge soaked in coffee, layered with ganache, buttercream, and a chocolate glaze. Opera
18%
No matching quizzes found
Score Distribution
Percent of People with Each Score
Percentile by Number Answered
Your Score History
You have not taken this quiz